LDR 00663naa#a2200169#i#450# 001 EN\\bibl\123347 005 20260706005439.1 011 ## _a1994-4683 100 ## _a20230731b2023####ek#y0engy0150####ca 102 ## _aRU 200 1# _aMODERN VIEW ON THE EDUCATIONAL PROCESS OF ATHLETES _eJournal article 210 1# _aMoscow _cNational State University of Physical Education, Sports and Health named after P.F. Lesgaft _d2023 215 ## _a6 с. 608 ## _aJournal article _2local 675 ## _aФилософия. Теория. Назначение. Методика. Этика. Эстетика. 796.01 _z 700 #1 _aAglicheva _gIrina Vladimirovna 856 4# _auchzapiski.lesgaft.spb.ru _u